| 000 | 01021nam a2200277 i 4500 | ||
|---|---|---|---|
| 001 | bg | ||
| 003 | BPK | ||
| 005 | 20200425175343.0 | ||
| 008 | 981118s1985 pl a f f |000 0 pol | ||
| 015 | _aPB 1985/4872 | ||
| 020 | _a8301043938 | ||
| 040 |
_aWA N _cBPK |
||
| 041 | 0 | _apol | |
| 080 | _a631.3 | ||
| 080 | _a(075.8) | ||
| 100 | 1 |
_aKuczewski, Józef _d(1925-2002) _eAutor |
|
| 245 | 1 | 0 |
_aCzęści maszyn i teoria mechanizmów : _b[skrypt dla studentów wydziałów mechanizacji rolnictwa akademii rolniczych] / _cJózef Kuczewski, Maciej Miszczak. |
| 260 |
_aWarszawa ; _aŁódź : _bPańst. Wydaw. Naukowe, _c1985. |
||
| 300 |
_a401, [2] s., [1] k. tabl. : _brys., wykr. ; _c24 cm. |
||
| 504 | _aBibliogr. s. [403]. | ||
| 650 | 4 |
_aMaszyny i narzędzia rolnicze _xbudowa i konstrukcje. |
|
| 655 | 4 | _aPodręczniki akademickie | |
| 700 | 1 |
_aMiszczak, Maciej _eAutor |
|
| 856 |
_uhttp://koha.tu.koszalin.pl/cgi-bin/koha/opac-detail.pl?biblionumber=3072 _yKatalog online BPK |
||
| 942 |
_2UKD _cKS |
||
| 999 |
_c3072 _d3072 |
||